| 000 | 00371nam a22001577a 4500 | ||
|---|---|---|---|
| 003 | CEME | ||
| 005 | 20210628205253.0 | ||
| 008 | 210225b xxu||||| |||| 00| 0 eng d | ||
| 040 | _c. | ||
| 082 | _a297.64 NAZ'E | ||
| 100 |
_aNaz, M. S. Dr _974692 |
||
| 245 | _aEncyclopedia ashab-ul-nabi pbuh | ||
| 260 |
_aLAHORE _bMAQBOOL _c1997 |
||
| 300 | _a872P | ||
| 942 |
_cBK _2ddc |
||
| 999 |
_c580197 _d580197 |
||